[Event "Ruhrgebiet Verbandsklasse Gruppe 1 1819"]
[Site "Nordrheinwestfalen"]
[Date "2018.12.02"]
[Round "4.8"]
[White "Wiktor, Reinhard"]
[Black "Gerhardt, Ralf"]
[Result "1/2-1/2"]
[WhiteElo "1760"]
[BlackElo "1720"]
[PlyCount "62"]
[EventDate "2018.09.23"]
[EventType "team-tourn"]
[EventRounds "9"]
[EventCountry "GER"]
[SourceTitle "EXT 2022"]
[Source "ChessBase"]
[SourceDate "2021.10.06"]
[SourceVersion "1"]
[SourceVersionDate "2021.10.06"]
[SourceQuality "1"]
[WhiteTeam "Mengede SG"]
[BlackTeam "Bergeborbeck Wacker"]
[WhiteTeamCountry "GER"]
[BlackTeamCountry "GER"]

1. d4 Nf6 2. c4 g6 3. Nc3 d5 4. e3 Bg7 5. Nf3 0-0 6. Be2 e6 7. 0-0 b6 8. b3 Bb7 9. Qc2 Nbd7 10. Ba3 Re8 11. Rad1 a6 12. Bb2 Rc8 13. Qb1 Qe7 14. Rd2 Ne4 15. Nxe4 dxe4 16. Ne1 Qg5 17. g3 f5 18. Ng2 e5 19. dxe5 Nxe5 20. Bxe5 Bxe5 21. Qc2 Qf6 22. Rc1 g5 23. b4 f4 24. Bg4 Rcd8 25. c5 Rxd2 26. Qxd2 Rd8 27. Qc2 f3 28. Ne1 Bd5 29. Bh3 bxc5 30. bxc5 g4 31. Bf1 Qe6 1/2-1/2

[Event "Ruhrgebiet Verbandsklasse Gruppe 1 1819"]
[Site "Nordrheinwestfalen"]
[Date "2018.11.04"]
[Round "3.8"]
[White "Wisotzky, Klaus"]
[Black "Wiktor, Reinhard"]
[Result "1-0"]
[WhiteElo "1638"]
[BlackElo "1760"]
[PlyCount "179"]
[EventDate "2018.09.23"]
[EventType "team-tourn"]
[EventRounds "9"]
[EventCountry "GER"]
[SourceTitle "EXT 2022"]
[Source "ChessBase"]
[SourceDate "2021.10.06"]
[SourceVersion "1"]
[SourceVersionDate "2021.10.06"]
[SourceQuality "1"]
[WhiteTeam "Muelheim SC"]
[BlackTeam "Mengede SG"]
[WhiteTeamCountry "GER"]
[BlackTeamCountry "GER"]

1. d4 Nf6 2. Nf3 d6 3. g3 g6 4. Bg2 Bg7 5. 0-0 0-0 6. Nbd2 c6 7. a4 Na6 8. c3 Qc7 9. Re1 e5 10. dxe5 dxe5 11. e4 Rd8 12. Qc2 Nc5 13. Nb3 Nxb3 14. Qxb3 Be6 15. Qc2 h6 16. h3 c5 17. c4 Ne8 18. b3 f5 19. Nd2 Qd7 20. Nf1 f4 21. Ba3 b6 22. Rad1 Qf7 23. Rxd8 Rxd8 24. Rd1 Rd4 25. Bb2 f3 26. Bh1 Rxd1 27. Qxd1 Bxh3 28. Qxf3 Bxf1 29. Qxf7+ Kxf7 30. Kxf1 Nd6 31. Ke2 g5 32. Bf3 Kg6 33. g4 Kf7 34. Kd3 Ke6 35. Bc3 Bf6 36. a5 Bd8 37. axb6 Bxb6 38. Bd2 Nb7 39. Kc2 Ba5 40. Be3 Kd6 41. Be2 Bb4 42. Bf3 Na5 43. Be2 Nc6 44. Kd3 Be1 45. Bd1 Nb4+ 46. Ke2 Bc3 47. f3 Bd4 48. Bd2 Nc6 49. Kd3 Bg1 50. Bc3 Bd4 51. Bd2 Bb2 52. Kc2 Ba3 53. Be3 Bb4 54. Kd3 Kc7 55. Bc2 Ba3 56. Bd1 Bb2 57. Bxc5 Bc1 58. Bf8 a5 59. Bxh6 Kd7 60. Bf8 Bf4 61. Bc5 Nb4+ 62. Ke2 Na2 63. Bb6 Nc3+ 64. Ke1 Bg3+ 65. Kd2 Nb1+ 66. Kc1 Nc3 67. Bxa5 Be1 68. Kc2 Nxd1 69. Bxe1 Ne3+ 70. Kd3 Ng2 71. Bd2 Nh4 72. Ke2 Kc6 73. Bxg5 Ng6 74. Kd3 Nf8 75. Be3 Ng6 76. b4 Kd6 77. Bg5 Kc6 78. b5+ Kb6 79. Kc3 Nf8 80. Kb4 Nd7 81. Be3+ Kb7 82. g5 Nf8 83. c5 Ne6 84. Kc4 Kc7 85. Kd5 Nd8 86. g6 Kc8 87. Bg5 Nb7 88. g7 Nd8 89. Bxd8 Kb7 90. Bb6 1-0

[Event "Ruhrgebiet Verbandsklasse Gruppe 1 1819"]
[Site "Nordrheinwestfalen"]
[Date "2018.10.07"]
[Round "2.8"]
[White "Wiktor, Reinhard"]
[Black "Boehmfeldt, Rolf"]
[Result "1/2-1/2"]
[WhiteElo "1718"]
[BlackElo "1886"]
[PlyCount "100"]
[EventDate "2018.09.23"]
[EventType "team-tourn"]
[EventRounds "9"]
[EventCountry "GER"]
[SourceTitle "EXT 2022"]
[Source "ChessBase"]
[SourceDate "2021.10.06"]
[SourceVersion "1"]
[SourceVersionDate "2021.10.06"]
[SourceQuality "1"]
[WhiteTeam "Mengede SG"]
[BlackTeam "Wattenscheid SV III"]
[WhiteTeamCountry "GER"]
[BlackTeamCountry "GER"]

1. d4 g6 2. c4 Bg7 3. Nc3 c5 4. d5 d6 5. Nf3 e5 6. dxe6 fxe6 7. e4 Nc6 8. Bf4 e5 9. Bg5 Nf6 10. h3 Nd4 11. Bxf6 Bxf6 12. Nxd4 cxd4 13. Nd5 0-0 14. Bd3 Be6 15. 0-0 Bg5 16. Be2 Bxd5 17. cxd5 Qb6 18. Qb3 Qxb3 19. axb3 Rfc8 20. Bd3 Bd2 21. g3 Rf8 22. Kg2 a5 23. Rfd1 Bh6 24. Ra4 Rfc8 25. Raa1 b6 26. h4 Kg7 27. Rf1 Rf8 28. Bb5 Rac8 29. Bd3 Rc7 30. Ra4 Bd2 31. Rc4 Rxc4 32. Bxc4 h6 33. Rd1 Bb4 34. Bb5 g5 35. hxg5 hxg5 36. Rd3 Be1 37. f3 g4 38. fxg4 Rf2+ 39. Kh3 Rxb2 40. g5 Re2 41. Rxd4 Re3 42. Rd3 Rxe4 43. Rf3 Rd4 44. Rf1 Rxd5 45. Bc4 Rd1 46. Be2 Rc1 47. Bh5 Bd2 48. Rf7+ Kg8 49. Kg4 e4 50. Re7 Rc5 1/2-1/2

[Event "Ruhrgebiet Verbandsklasse Gruppe 3 1617"]
[Site "Germany"]
[Date "2017.02.19"]
[Round "7.7"]
[White "Konietzka, Bernd"]
[Black "Wiktor, Reinhard"]
[Result "1-0"]
[WhiteElo "1905"]
[BlackElo "1735"]
[PlyCount "93"]
[EventDate "2016.09.04"]
[EventType "team-tourn"]
[EventRounds "9"]
[EventCountry "GER"]
[SourceTitle "EXT 2022"]
[Source "ChessBase"]
[SourceDate "2021.10.06"]
[SourceVersion "1"]
[SourceVersionDate "2021.10.06"]
[SourceQuality "1"]
[WhiteTeam "Horst Emscher II"]
[BlackTeam "Mengede SG"]
[WhiteTeamCountry "GER"]
[BlackTeamCountry "GER"]

1. e4 c5 2. Nf3 Nc6 3. d4 cxd4 4. Nxd4 Nf6 5. Nc3 d6 6. Be2 e6 7. Be3 a6 8. 0-0 Be7 9. a3 0-0 10. f4 Qc7 11. Bf3 Rb8 12. h3 Bd7 13. Qe1 Nxd4 14. Bxd4 e5 15. Be3 exf4 16. Bxf4 Qb6+ 17. Qe3 Qxe3+ 18. Bxe3 Bc6 19. Rad1 Nd7 20. Nd5 Bxd5 21. exd5 Bf6 22. c3 Ne5 23. Be2 Rbc8 24. Bf4 Rfe8 25. Rfe1 Red8 26. Bg3 Kf8 27. Rd4 Rc7 28. Rb4 Re7 29. Rb6 Bg5 30. Bf2 f5 31. Kf1 Rdd7 32. Rd1 Rf7 33. c4 Bd8 34. Rb3 Be7 35. Bd4 Bf6 36. c5 dxc5 37. Bxc5+ Be7 38. d6 Bg5 39. Rd5 Nc6 40. Bf3 g6 41. Rd1 f4 42. Bxc6 bxc6 43. Rb6 f3 44. Rxc6 fxg2+ 45. Kxg2 Kg7 46. Rxa6 Rf5 47. Ra7 1-0

[Event "Ruhrgebiet Verbandsklasse Gruppe 3 1617"]
[Site "Germany"]
[Date "2016.11.27"]
[Round "4.7"]
[White "Wiktor, Reinhard"]
[Black "Garbuz, Vitaliy"]
[Result "1/2-1/2"]
[WhiteElo "1735"]
[BlackElo "1777"]
[PlyCount "120"]
[EventDate "2016.09.04"]
[EventType "team-tourn"]
[EventRounds "9"]
[EventCountry "GER"]
[SourceTitle "EXT 2022"]
[Source "ChessBase"]
[SourceDate "2021.10.06"]
[SourceVersion "1"]
[SourceVersionDate "2021.10.06"]
[SourceQuality "1"]
[WhiteTeam "Mengede SG"]
[BlackTeam "Brackel SF III"]
[WhiteTeamCountry "GER"]
[BlackTeamCountry "GER"]

1. d4 Nf6 2. c4 e5 3. e3 exd4 4. exd4 d5 5. c5 b6 6. cxb6 axb6 7. Nf3 Bd6 8. Be2 0-0 9. 0-0 h6 10. Nc3 c5 11. Nb5 Nc6 12. Nxd6 Qxd6 13. h3 Bf5 14. a3 Rfe8 15. Be3 Ne4 16. Bb5 Re6 17. Bxc6 Qxc6 18. Bf4 c4 19. Ne5 Qe8 20. Kh1 f6 21. Ng4 Qb5 22. f3 Ng5 23. Qd2 Rae8 24. Rfe1 Qb3 25. Rxe6 Rxe6 26. Ne3 Bd3 27. Re1 Qb5 28. Nd1 Qe8 29. Re3 Qd7 30. Bxg5 hxg5 31. Rxe6 Qxe6 32. Qe3 Kf7 33. Qxe6+ Kxe6 34. Nc3 Kd6 35. Kg1 f5 36. g3 f4 37. Kf2 Bf5 38. h4 gxh4 39. gxh4 Bd3 40. Kg2 g6 41. Kf2 Kc6 42. Ke1 Kd6 43. Nd1 Ke6 44. Nf2 Bf5 45. Kd2 Kf6 46. Ke2 Bd7 47. Nd1 Bc6 48. Kf2 Ke6 49. Nc3 Kf5 50. Kg2 Kf6 51. Ne2 Kf5 52. Nc3 Kf6 53. Na2 Kg7 54. Nc3 Kf6 55. Kh2 g5 56. hxg5+ Kxg5 57. Kg2 Kf5 58. Kf2 Kg5 59. Kg2 Kf5 60. Kh3 Kg5 1/2-1/2

[Event "Ruhrgebiet Verbandsklasse Gruppe 3 1617"]
[Site "Germany"]
[Date "2016.10.30"]
[Round "3.8"]
[White "Wiktor, Reinhard"]
[Black "Kucki, Hermann"]
[Result "1/2-1/2"]
[WhiteElo "1735"]
[BlackElo "1795"]
[PlyCount "65"]
[EventDate "2016.09.04"]
[EventType "team-tourn"]
[EventRounds "9"]
[EventCountry "GER"]
[SourceTitle "EXT 2022"]
[Source "ChessBase"]
[SourceDate "2021.10.06"]
[SourceVersion "1"]
[SourceVersionDate "2021.10.06"]
[SourceQuality "1"]
[WhiteTeam "Mengede SG"]
[BlackTeam "Muelheim SC"]
[WhiteTeamCountry "GER"]
[BlackTeamCountry "GER"]

1. d4 d5 2. Nf3 Nf6 3. g3 g6 4. Bg2 Bg7 5. 0-0 0-0 6. c3 c6 7. Nbd2 Nbd7 8. Re1 Nb6 9. b3 a5 10. a4 Re8 11. Ne5 Nbd7 12. Ndf3 Nxe5 13. Nxe5 Ng4 14. Nxg4 Bxg4 15. Bb2 e5 16. dxe5 Bxe5 17. Bf3 Bxf3 18. exf3 Qf6 19. Qd3 Bd6 20. Kg2 Kf8 21. Rad1 Rxe1 22. Rxe1 Re8 23. Rxe8+ Kxe8 24. Qe3+ Qe7 25. Qd3 Qe1 26. Qe3+ Qxe3 27. fxe3 f5 28. f4 b5 29. Kf3 Kf7 30. Ke2 Ke6 31. Kd3 Bc7 32. Bc1 Bb6 33. Bb2 1/2-1/2

[Event "Ruhrgebiet Verbandsklasse Gruppe 1 1415"]
[Site "Germany"]
[Date "2014.12.14"]
[Round "4.5"]
[White "Fistoul, Boris"]
[Black "Wiktor, Reinhard"]
[Result "1-0"]
[WhiteElo "1824"]
[BlackElo "1785"]
[PlyCount "87"]
[EventDate "2014.09.21"]
[EventType "team-tourn"]
[EventRounds "9"]
[EventCountry "GER"]
[SourceTitle "EXT 2022"]
[Source "ChessBase"]
[SourceDate "2021.10.06"]
[SourceVersion "1"]
[SourceVersionDate "2021.10.06"]
[SourceQuality "1"]
[WhiteTeam "Bochum SG IV"]
[BlackTeam "Mengede SG"]
[WhiteTeamCountry "GER"]
[BlackTeamCountry "GER"]

1. d4 Nf6 2. c4 g6 3. f3 Bg7 4. e4 d6 5. Nc3 0-0 6. Bg5 Nc6 7. Qd2 a6 8. d5 Na7 9. a4 c5 10. Bd3 Qa5 11. Ra2 Re8 12. Nge2 Rb8 13. 0-0 Qc7 14. g4 b6 15. Ng3 Rb7 16. h4 b5 17. axb5 axb5 18. Rxa7 Rxa7 19. Nxb5 Qb7 20. Nxa7 Qxa7 21. h5 Qa2 22. hxg6 fxg6 23. b4 Qxd2 24. Bxd2 cxb4 25. Bxb4 Nd7 26. f4 Bd4+ 27. Kg2 Nf6 28. g5 Ng4 29. Rb1 Ne3+ 30. Kh1 Ng4 31. Be2 Nf2+ 32. Kh2 Rf8 33. Bd2 Ng4+ 34. Kh1 Nf2+ 35. Kg2 Ng4 36. Nh1 Ne3+ 37. Kg3 Ba6 38. Rb4 Bc5 39. Ra4 Bb7 40. Nf2 Ra8 41. Rxa8+ Bxa8 42. Bd3 e5 43. fxe5 dxe5 44. Kf3 1-0

[Event "Ruhrgebiet Verbandsklasse Gruppe 1 1415"]
[Site "Germany"]
[Date "2014.09.21"]
[Round "1.6"]
[White "Rumpf, Thomas"]
[Black "Wiktor, Reinhard"]
[Result "1-0"]
[WhiteElo "2028"]
[BlackElo "1785"]
[PlyCount "83"]
[EventDate "2014.09.21"]
[EventType "team-tourn"]
[EventRounds "9"]
[EventCountry "GER"]
[SourceTitle "EXT 2022"]
[Source "ChessBase"]
[SourceDate "2021.10.06"]
[SourceVersion "1"]
[SourceVersionDate "2021.10.06"]
[SourceQuality "1"]
[WhiteTeam "Dortmund Hansa III"]
[BlackTeam "Mengede SG"]
[WhiteTeamCountry "GER"]
[BlackTeamCountry "GER"]

1. e4 c5 2. Nf3 e6 3. c3 Qc7 4. d4 a6 5. Bd3 d6 6. 0-0 Nd7 7. a4 h6 8. Qe2 b6 9. Re1 Bb7 10. Nbd2 Be7 11. Nf1 e5 12. dxe5 dxe5 13. Ne3 Qd6 14. Nf5 Qf6 15. Bc4 g6 16. Ne3 Qg7 17. Nd5 Bd8 18. b4 Ne7 19. Bb2 0-0 20. Rad1 Bc8 21. Rd2 Ra7 22. Red1 Nxd5 23. Bxd5 Bg5 24. Nxg5 hxg5 25. Ba3 Rc7 26. Bc4 Ra7 27. bxc5 bxc5 28. Qe3 Rc7 29. Qxg5 Nb6 30. Bb3 Kh7 31. Rd8 Nd7 32. Rd3 Qf6 33. Qxf6 Nxf6 34. Rxf8 c4 35. Rdd8 cxb3 36. Rxc8 Rb7 37. Rb8 Rc7 38. Rxb3 Nxe4 39. f3 Nd2 40. Rbb8 Rxc3 41. Bb2 Rc5 42. Rxf7+ 1-0

[Event "NRW Verbandsklasse Group2 1314"]
[Site "Nordrheinwestfalen"]
[Date "2014.01.26"]
[Round "6.5"]
[White "Wiktor, Reinhard"]
[Black "Gajda, Peter"]
[Result "1/2-1/2"]
[WhiteElo "1784"]
[BlackElo "1816"]
[PlyCount "32"]
[EventDate "2013.09.08"]
[EventType "team-tourn"]
[EventRounds "9"]
[EventCountry "GER"]
[SourceTitle "EXT 2020"]
[Source "ChessBase"]
[SourceDate "2019.10.17"]
[SourceVersion "1"]
[SourceVersionDate "2019.10.17"]
[SourceQuality "1"]
[WhiteTeam "Mengede SG"]
[BlackTeam "Kirchhellen SF"]
[WhiteTeamCountry "GER"]
[BlackTeamCountry "GER"]

1. d4 g6 2. c4 Bg7 3. Nc3 d6 4. e4 e5 5. Be3 f5 6. exf5 Bxf5 7. g4 Bd7 8. Bg2 Nc6 9. Bxc6 Bxc6 10. d5 Bd7 11. h3 Bh6 12. Qd2 Bxe3 13. Qxe3 h5 14. g5 Ne7 15. Nf3 Nf5 16. Qe2 Qe7 1/2-1/2

[Event "NRW Verbandsklasse Group2 1314"]
[Site "Nordrheinwestfalen"]
[Date "2013.09.08"]
[Round "1.6"]
[White "Wiktor, Reinhard"]
[Black "Rumpf, Thomas"]
[Result "0-1"]
[WhiteElo "1784"]
[BlackElo "2051"]
[PlyCount "120"]
[EventDate "2013.09.08"]
[EventType "team-tourn"]
[EventRounds "9"]
[EventCountry "GER"]
[SourceTitle "EXT 2020"]
[Source "ChessBase"]
[SourceDate "2019.10.17"]
[SourceVersion "1"]
[SourceVersionDate "2019.10.17"]
[SourceQuality "1"]
[WhiteTeam "Mengede SG"]
[BlackTeam "Dortmund Hansa III"]
[WhiteTeamCountry "GER"]
[BlackTeamCountry "GER"]

1. d4 Nf6 2. Nf3 c5 3. e3 g6 4. c4 Bg7 5. Nc3 0-0 6. Be2 cxd4 7. exd4 d5 8. c5 Nc6 9. 0-0 Ne4 10. Be3 b6 11. Bb5 Nxc3 12. bxc3 Na5 13. cxb6 axb6 14. h3 Ba6 15. Bxa6 Rxa6 16. Qe2 Qa8 17. Rfb1 Nc4 18. Bc1 e6 19. Ne5 Rc8 20. Nxc4 Rxc4 21. Rb3 Qc6 22. Bf4 Rca4 23. Qb2 h6 24. a3 g5 25. Bd2 Bf8 26. Bc1 Bd6 27. g3 Bc7 28. Rb1 Ra8 29. Qe2 Kg7 30. h4 f6 31. h5 Re8 32. Qc2 f5 33. Be3 Rc4 34. f4 gxf4 35. gxf4 Kh7 36. Kh1 Rg8 37. Rg1 Qe8 38. Qe2 Rxg1+ 39. Kxg1 Bd8 40. Bf2 Rc7 41. Kf1 Rg7 42. Rb5 Qf7 43. a4 Rg4 44. a5 bxa5 45. Rb8 Bc7 46. Ra8 Rxf4 47. Qb5 Rg4 48. Ra7 Rg7 49. Qc6 f4 50. c4 Qd7 51. cxd5 exd5 52. Qf6 Qh3+ 53. Ke1 Qxh5 54. Ra8 Qf7 55. Qa6 Qe7+ 56. Kd1 f3 57. Qc8 Qe2+ 58. Kc1 Qf1+ 59. Kc2 Qxf2+ 60. Kb3 Qe3+ 0-1

[Event "Ruhrgebiet Verbandsliga2 1213"]
[Site "Nordrheinwestfalen"]
[Date "2013.01.13"]
[Round "5.5"]
[White "Koth, Stefan"]
[Black "Wiktor, Reinhard"]
[Result "1-0"]
[WhiteElo "2004"]
[BlackElo "1783"]
[PlyCount "139"]
[EventDate "2012.09.02"]
[EventType "team-tourn"]
[EventRounds "9"]
[EventCountry "GER"]
[SourceTitle "EXT 2020"]
[Source "ChessBase"]
[SourceDate "2019.10.17"]
[SourceVersion "1"]
[SourceVersionDate "2019.10.17"]
[SourceQuality "1"]
[WhiteTeam "Doppelbauer Brambauer"]
[BlackTeam "Mengede SG"]
[WhiteTeamCountry "GER"]
[BlackTeamCountry "GER"]

1. c4 Nf6 2. Nc3 g6 3. d4 Bg7 4. e4 d6 5. f3 0-0 6. Be3 Nc6 7. d5 Nb8 8. Qd2 c5 9. Rd1 Nbd7 10. Nh3 Ne5 11. Nf2 Qb6 12. Be2 Qb4 13. Nb1 Qxd2+ 14. Rxd2 b6 15. 0-0 Ba6 16. b3 h5 17. h3 Ned7 18. Bg5 Rae8 19. a4 Nh7 20. Bh4 Bh6 21. Ra2 Bc8 22. a5 Be3 23. axb6 axb6 24. Kh1 Bd4 25. Nd1 g5 26. Bg3 Nhf6 27. Nbc3 h4 28. Bh2 Nh5 29. f4 Nxf4 30. Bxf4 gxf4 31. Rxf4 Bf6 32. Nb5 Ne5 33. Nxd6 Bg5 34. Nxe8 Bxf4 35. Nc7 Nxc4 36. Bxc4 Bxc7 37. Ra7 Bd6 38. Kg1 Kg7 39. Nc3 Kf6 40. Na4 Rg8 41. Ra8 b5 42. Bxb5 Rg3 43. Rxc8 Rxb3 44. Bd7 Bg3 45. Kf1 Rb1+ 46. Ke2 Re1+ 47. Kd3 Rd1+ 48. Kc2 Re1 49. Nxc5 Re2+ 50. Kd3 Rxg2 51. Bf5 e6 52. dxe6 fxe6 53. Nxe6 Ra2 54. Rc3 Ra4 55. Nc5 Ra1 56. Kc4 Rb1 57. Kd5 Ra1 58. Be6 Rd1+ 59. Rd3 Re1 60. Rf3+ Kg7 61. Bg4 Rd1+ 62. Ke6 Rd6+ 63. Ke7 Rc6 64. Ne6+ Kg6 65. Rf6+ Kh7 66. Nf8+ Kh8 67. Rxc6 Kg7 68. Rg6+ Kh8 69. Rh6+ Kg7 70. Rh7+ 1-0

[Event "Ruhrgebiet Verbandsliga2 1213"]
[Site "Nordrheinwestfalen"]
[Date "2012.10.28"]
[Round "3.7"]
[White "Bense, Dirk"]
[Black "Wiktor, Reinhard"]
[Result "0-1"]
[WhiteElo "1941"]
[BlackElo "1783"]
[PlyCount "100"]
[EventDate "2012.09.02"]
[EventType "team-tourn"]
[EventRounds "9"]
[EventCountry "GER"]
[SourceTitle "EXT 2020"]
[Source "ChessBase"]
[SourceDate "2019.10.17"]
[SourceVersion "1"]
[SourceVersionDate "2019.10.17"]
[SourceQuality "1"]
[WhiteTeam "Brackel SF II"]
[BlackTeam "Mengede SG"]
[WhiteTeamCountry "GER"]
[BlackTeamCountry "GER"]

1. e4 d6 2. d4 g6 3. Nc3 Bg7 4. f4 Nf6 5. Nf3 0-0 6. Bd3 c5 7. dxc5 dxc5 8. Be3 Nfd7 9. Qd2 a6 10. 0-0 Nc6 11. e5 e6 12. Ne4 b6 13. Nd6 Ra7 14. Rad1 Qc7 15. a3 Ndb8 16. Qf2 Nd7 17. Bc4 Bb7 18. Nxf7 Rxf7 19. Bxe6 Nf8 20. Bxf7+ Qxf7 21. Ng5 Qf5 22. Rd6 h6 23. Nf3 Ra8 24. Qg3 Qxc2 25. f5 Qxf5 26. Nd4 Nxd4 27. Bxd4 Qe4 28. Bc3 Re8 29. Re1 Qf5 30. Qe3 Qg4 31. Qe2 Qg5 32. Rxb6 Bc8 33. Qc4+ Ne6 34. Rd6 Kh7 35. Qe4 Re7 36. Bd2 Qf5 37. Qxf5 gxf5 38. Bc3 Bb7 39. Red1 Bc8 40. Kf2 Kg6 41. g3 Kf7 42. Ke3 h5 43. Rf1 Kg6 44. Kd3 Bh6 45. Kc4 Be3 46. Kd3 Bg5 47. b4 cxb4 48. Bxb4 a5 49. Bxa5 Ra7 50. Rc1 Bxc1 0-1

[Event "Ruhrgebiet VK1 0910"]
[Site "Ruhrgebiet"]
[Date "2010.03.21"]
[Round "8.7"]
[White "Wiktor, Reinhard"]
[Black "Friedrich, Patrick"]
[Result "1/2-1/2"]
[WhiteElo "1833"]
[BlackElo "1995"]
[PlyCount "144"]
[EventDate "2009.09.06"]
[EventType "team"]
[EventRounds "9"]
[EventCountry "GER"]
[SourceTitle "EXT 2011"]
[Source "ChessBase"]
[SourceDate "2010.11.26"]
[SourceVersion "1"]
[SourceVersionDate "2010.11.26"]
[SourceQuality "1"]
[WhiteTeam "Mengede SG"]
[BlackTeam "Borbeck Weisse Dame II"]
[WhiteTeamCountry "GER"]
[BlackTeamCountry "GER"]

1. d4 Nf6 2. c4 Nc6 3. Nf3 e6 4. g3 Bb4+ 5. Bd2 Bxd2+ 6. Nbxd2 d5 7. cxd5 exd5 8. Bg2 0-0 9. 0-0 h6 10. Qc2 Re8 11. e3 Qd6 12. a3 Be6 13. Rac1 Rac8 14. b4 Ne7 15. Qa4 a6 16. Ne5 Nd7 17. Nd3 c6 18. Nc5 Nxc5 19. bxc5 Qd7 20. e4 Bh3 21. e5 Bxg2 22. Kxg2 Qg4 23. f3 Qg6 24. Rc3 Nf5 25. Re1 h5 26. Nf1 Re6 27. Qd1 Rce8 28. Kh1 Qh7 29. Qd3 g5 30. Rd1 R8e7 31. Ne3 Nxe3 32. Qxe3 Qf5 33. Qd3 Qxd3 34. Rdxd3 f5 35. f4 g4 36. Rc1 Kf7 37. Rb1 Rc7 38. Kg2 Kg6 39. h3 Ree7 40. a4 Kf7 41. hxg4 hxg4 42. Rh1 Kg6 43. Rh8 Rh7 44. Rd8 Rhf7 45. Rb8 Rh7 46. Re3 Rhe7 47. Re1 Rh7 48. a5 Kf7 49. Rd8 Ke7 50. Rd6 Rd7 51. Rg6 Rd8 52. Rh1 Rxh1 53. Kxh1 Rf8 54. Rh6 Rf7 55. Kg2 Ke8 56. Rh8+ Kd7 57. Rh6 Ke7 58. Rf6 Ke8 59. Rh6 Ke7 60. Kf2 Rf8 61. Ke3 Rf7 62. Rh8 Ke6 63. Rh6+ Ke7 64. Ke2 Rf8 65. Kf1 Rf7 66. Kg1 Rf8 67. Rf6 Rd8 68. Rh6 Rf8 69. e6 Rb8 70. Kf2 Ra8 71. Rh7+ Kxe6 72. Rxb7 Rc8 1/2-1/2

[Event "Ruhrgebiet VK1 0910"]
[Site "Ruhrgebiet"]
[Date "2009.12.06"]
[Round "4.7"]
[White "Wiktor, Reinhard"]
[Black "Rother, Josef"]
[Result "1/2-1/2"]
[WhiteElo "1833"]
[BlackElo "1871"]
[PlyCount "72"]
[EventDate "2009.09.06"]
[EventType "team"]
[EventRounds "9"]
[EventCountry "GER"]
[SourceTitle "EXT 2011"]
[Source "ChessBase"]
[SourceDate "2010.11.26"]
[SourceVersion "1"]
[SourceVersionDate "2010.11.26"]
[SourceQuality "1"]
[WhiteTeam "Mengede SG"]
[BlackTeam "Essen Ueberruhr II"]
[WhiteTeamCountry "GER"]
[BlackTeamCountry "GER"]

1. d4 d5 2. Nf3 c6 3. g3 e6 4. Bg2 Nf6 5. 0-0 Be7 6. b3 0-0 7. Bb2 Nbd7 8. Nbd2 a5 9. a4 Qc7 10. Rc1 b5 11. c4 bxa4 12. bxa4 Qb6 13. Rb1 Bb4 14. Qc2 Ba6 15. Ne5 Nxe5 16. dxe5 Nd7 17. Rfc1 Rac8 18. e3 dxc4 19. Nxc4 Bxc4 20. Qxc4 c5 21. Rd1 Qc7 22. Rd6 Nb6 23. Qb5 Rb8 24. Rc6 Qa7 25. Rd1 Nd5 26. Qc4 Qd7 27. Bxd5 exd5 28. Qxd5 Qxd5 29. Rxd5 Rfc8 30. Rxc8+ Rxc8 31. Kf1 c4 32. Ke2 c3 33. Bc1 Kf8 34. f4 Ke7 35. e4 g6 36. h4 Ke6 1/2-1/2

[Event "Ruhrgebiet VK2 0708"]
[Site "Germany"]
[Date "2008.04.06"]
[Round "8.8"]
[White "Kullack, Bernd"]
[Black "Wiktor, Reinhard"]
[Result "0-1"]
[WhiteElo "1961"]
[BlackElo "1852"]
[PlyCount "30"]
[EventDate "2007.09.16"]
[EventType "team"]
[EventRounds "9"]
[EventCountry "GER"]
[SourceTitle "EXT 2009"]
[Source "ChessBase"]
[SourceDate "2008.11.26"]
[SourceVersion "1"]
[SourceVersionDate "2008.11.26"]
[SourceQuality "1"]
[WhiteTeam "Horst Emscher II"]
[BlackTeam "Mengede SG"]
[WhiteTeamCountry "GER"]
[BlackTeamCountry "GER"]

1. f4 d6 2. Nf3 Nf6 3. e3 g6 4. d4 Bg7 5. c4 c5 6. d5 0-0 7. Bd3 e6 8. dxe6 Bxe6 9. e4 Bg4 10. 0-0 Nc6 11. h3 Bxf3 12. Rxf3 Re8 13. Re3 Nh5 14. Re1 Qh4 15. Qf3 Qxe1+ 0-1

[Event "Ruhrgebiet VK2 0708"]
[Site "Germany"]
[Date "2008.01.20"]
[Round "5.8"]
[White "Kraus, Tanja"]
[Black "Wiktor, Reinhard"]
[Result "1-0"]
[WhiteElo "1973"]
[BlackElo "1852"]
[PlyCount "47"]
[EventDate "2007.09.16"]
[EventType "team"]
[EventRounds "9"]
[EventCountry "GER"]
[SourceTitle "EXT 2009"]
[Source "ChessBase"]
[SourceDate "2008.11.26"]
[SourceVersion "1"]
[SourceVersionDate "2008.11.26"]
[SourceQuality "1"]
[WhiteTeam "Wattenscheid IV"]
[BlackTeam "Mengede SG"]
[WhiteTeamCountry "GER"]
[BlackTeamCountry "GER"]

1. e4 g6 2. d4 d6 3. Nc3 Bg7 4. Be3 Nf6 5. Qd2 h5 6. f3 a6 7. Nge2 Nc6 8. h3 Rb8 9. d5 Ne5 10. Nd4 c5 11. dxc6 Nxc6 12. Be2 Bd7 13. 0-0 Qc8 14. f4 Bh6 15. Nxc6 Qxc6 16. Bf3 Qc7 17. e5 dxe5 18. fxe5 Bxe3+ 19. Qxe3 Nh7 20. Rae1 e6 21. Kh1 Nf8 22. Qf4 Rh7 23. Ne4 Kd8 24. Qf6+ 1-0

[Event "Ruhrgebiet VK2 0708"]
[Site "Germany"]
[Date "2007.12.09"]
[Round "4.7"]
[White "Langaditis, Sevastianos"]
[Black "Wiktor, Reinhard"]
[Result "1-0"]
[WhiteElo "1735"]
[BlackElo "1852"]
[PlyCount "55"]
[EventDate "2007.09.16"]
[EventType "team"]
[EventRounds "9"]
[EventCountry "GER"]
[SourceTitle "EXT 2009"]
[Source "ChessBase"]
[SourceDate "2008.11.26"]
[SourceVersion "1"]
[SourceVersionDate "2008.11.26"]
[SourceQuality "1"]
[WhiteTeam "Unna SV"]
[BlackTeam "Mengede SG"]
[WhiteTeamCountry "GER"]
[BlackTeamCountry "GER"]

1. d4 Nf6 2. Nf3 g6 3. Nbd2 Bg7 4. g3 0-0 5. Bg2 d6 6. 0-0 c6 7. Re1 Qc7 8. e4 e5 9. dxe5 dxe5 10. c3 Bg4 11. Qc2 Re8 12. a4 a5 13. Nc4 b5 14. axb5 Bxf3 15. b6 Qe7 16. Bxf3 Nfd7 17. Be3 c5 18. b7 Ra7 19. Nxa5 Bf8 20. Bg4 Qd8 21. b4 Qc7 22. Red1 Nb6 23. bxc5 Bxc5 24. Bxc5 Rxa5 25. Rxa5 N6d7 26. Bxd7 Qxa5 27. Bxe8 Qxc5 28. Qb3 1-0

[Event "Ruhrgebiet VL1 0405"]
[Site "Ruhrgebiet"]
[Date "2005.03.13"]
[Round "8.7"]
[White "Belic, Zivko"]
[Black "Wiktor, Reinhard"]
[Result "0-1"]
[WhiteElo "1896"]
[BlackElo "1910"]
[PlyCount "48"]
[EventDate "2004.09.12"]
[EventType "team"]
[EventRounds "9"]
[EventCountry "GER"]
[SourceTitle "EXT 2006"]
[Source "ChessBase"]
[SourceDate "2005.11.24"]
[SourceVersion "1"]
[SourceVersionDate "2005.11.24"]
[SourceQuality "1"]
[WhiteTeam "Dortmund Kleiner Koenig"]
[BlackTeam "Mengede SG"]
[WhiteTeamCountry "GER"]
[BlackTeamCountry "GER"]

1. e4 d6 2. d4 g6 3. Nf3 Bg7 4. Be2 Nf6 5. Nc3 c6 6. 0-0 0-0 7. h3 Qc7 8. Be3 Nbd7 9. Qd2 a6 10. a4 b6 11. Nh4 e5 12. f4 exd4 13. Bxd4 Nc5 14. Bf3 Ne6 15. Be3 Re8 16. Rad1 Bf8 17. g4 Nc5 18. Qg2 Bb7 19. g5 Nfxe4 20. Bxe4 d5 21. Bxg6 fxg6 22. Bd4 Ne4 23. Be5 Bc5+ 24. Kh2 Rxe5 0-1